000 00903pam a2200253 a 4500
999 _c330190
_d330190
001 1597889
003 NUST
005 20170613114446.0
008 940816s1995 moua b 001 0 eng
010 _a 94031334
020 _a0801678048
040 _aDLC
_cDLC
_dDLC
050 0 0 _aQR41.2
_b.A842 1995
082 0 0 _a576 ATL
_220
100 1 _aAtlas, Ronald M.,
_d1946-
_92535
245 1 0 _aMicroorganisms in our world /
_cRonald M. Atlas.
260 _aSt. Louis, MO :
_bMosby-Year Book,
_cc1995.
300 _axix, 765 p. :
_bcol. ill. ;
_c29 cm.
500 _aH.B
504 _aIncludes bibliographical references and index.
650 0 _aMicrobiology.
_91022
650 0 _aMedical microbiology.
_92536
906 _a7
_bcbc
_corignew
_d1
_eocip
_f19
_gy-gencatlg
942 _2ddc
_cBK
_kIESE